UBT Library

Precalculus : (Record no. 39996)

000 -LEADER
fixed length control field 00673cam a2200217 a 4500
001 - CONTROL NUMBER
control field 13830213
005 - DATE AND TIME OF LATEST TRANSACTION
control field 20180110073026.0
008 - FIXED-LENGTH DATA ELEMENTS--GENERAL INFORMATION
fixed length control field 050104s2001 maua 001 0 eng
010 ## - LIBRARY OF CONGRESS CONTROL NUMBER
LC control number 00133807
020 ## - INTERNATIONAL STANDARD BOOK NUMBER
International Standard Book Number 061806656X (instructor's ed.)
040 ## - CATALOGING SOURCE
Original cataloging agency DLC
Transcribing agency DLC
Modifying agency DLC
041 ## - LANGUAGE CODE
Language code of text/sound track or separate title eng
080 ## - UNIVERSAL DECIMAL CLASSIFICATION NUMBER
Universal Decimal Classification number 512.13LAR
082 00 - DEWEY DECIMAL CLASSIFICATION NUMBER
Classification number 512.13LAR
Edition number 22
100 1# - Rafti
Rafti 36
101 ## - Shkurtesa
Shkurtesa MAT
245 10 - TITLE STATEMENT
Title Precalculus :
Statement of responsibility, etc Ron Larson, Robert P. Hostetler, Bruce H. Edwards.
906 ## - LOCAL DATA ELEMENT F, LDF (RLIN)
a 7
b cbc
c origcop
d 3
e ncip
f 20
g y-gencatlg
942 ## - ADDED ENTRY ELEMENTS (KOHA)
Source of classification or shelving scheme
Item type Books
Holdings
Withdrawn status Lost status Source of classification or shelving scheme Damaged status Not for loan Collection code Permanent location Current location Shelving location Date acquired Total Checkouts Full call number Barcode Date last seen Price effective from Koha item type
          Koleksioni i përgjithshem UBT - Lipjan UBT - Lipjan Koleksioni i përgjithshem 01/10/2018   512.13LAR 002-2995034 01/10/2018 01/10/2018 Books
UBT Library © 2015-2024. All rights reserved University Education for Business and Technology